000 00499nam a2200193Ia 4500
003 OSt
005 20240327100418.0
008 210210b1972 xxu||||| |||| 00| 0 eng d
040 _cAL
041 _aKannada
082 _aK894.3 ANUC
100 _aANUPAMA NIRANJANA.
_dಅನುಪಮಾ ನಿರಂಜನ
_9157110
245 _aChittamohana.
_bಚಿತ್ತಮೋಹನ
260 _a-
_b-
_c1972
300 _a196
690 _aKannada Fiction
_9157111
906 _a029671
942 _2ddc
_cBK
999 _c80885
_d80885